000051918 001__ 51918
000051918 005__ 20240207151330.0
000051918 037__ $$aGSI-SR2012-PHN-HSD-EXP-05
000051918 041__ $$aEnglish
000051918 0881_ $$aGSI Report 2013-1
000051918 088__ $$2GSI$$aGSI Report 2013-1
000051918 1001_ $$0P:(DE-HGF)0$$aMooser, A.$$b0
000051918 245__ $$aDirect measurement of the proton magnetic moment
000051918 260__ $$aDarmstadt$$bGSI Helmholtzzentrum für Schwerionenforschung$$c2013
000051918 29510 $$aScientific Report 2012
000051918 300__ $$a11 p.
000051918 3367_ $$0PUB:(DE-HGF)7$$2PUB:(DE-HGF)$$aContribution to a book$$bcontb$$mcontb$$s1369750764_13512
000051918 3367_ $$2DRIVER$$abookPart
000051918 3367_ $$2BibTeX$$aINBOOK
000051918 3367_ $$07$$2EndNote$$aBook Section
000051918 3367_ $$0PUB:(DE-HGF)15$$2PUB:(DE-HGF)$$aInternal Report$$mintrep
000051918 4900_ $$aGSI Report$$v2013-1$$x0171-4546
000051918 4900_ $$aGSI Scientific Report$$v2012$$x0174-0814
000051918 536__ $$0G:(DE-HGF)POF2-531$$a531 - Hadron Structure and Dynamics (HSD) (POF2-531)$$cPOF2-531$$fPOF II$$x0
000051918 7001_ $$0P:(DE-HGF)0$$aBlaum, K.$$b1
000051918 7001_ $$0P:(DE-HGF)0$$aBräuninger, S. A.$$b2
000051918 7001_ $$0P:(DE-HGF)0$$aKracke, H.$$b3
000051918 7001_ $$0P:(DE-HGF)0$$aLeiteritz, C.$$b4
000051918 7001_ $$0P:(DE-Ds200)OR0987$$aQuint, W.$$b5
000051918 7001_ $$0P:(DE-HGF)0$$aRodegheri, C. C.$$b6
000051918 7001_ $$0P:(DE-HGF)0$$aUlmer, S.$$b7
000051918 7001_ $$0P:(DE-HGF)0$$aWalz, J.$$b8
000051918 8564_ $$ySR2012-PHN-HSD-EXP-05
000051918 8564_ $$uhttps://repository.gsi.de/record/51918/files/PHN-HSD-EXP-05.pdf$$yOpenAccess
000051918 909CO $$ooai:repository.gsi.de:51918$$pdnbdelivery$$pdriver$$pVDB$$popen_access$$popenaire$$qec_fundedresources
000051918 915__ $$0StatID:(DE-HGF)0510$$2StatID$$aOpenAccess
000051918 9141_ $$y2013
000051918 9101_ $$0I:(DE-Ds200)20121206GSI$$6P:(DE-HGF)0$$aGSI Helmholtzzentrum für Schwerionenforschung GmbH$$b0$$kGSI
000051918 9101_ $$0I:(DE-Ds200)20121206GSI$$6P:(DE-HGF)0$$aGSI Helmholtzzentrum für Schwerionenforschung GmbH$$b3$$kGSI
000051918 9101_ $$0I:(DE-Ds200)20121206GSI$$6P:(DE-Ds200)OR0987$$aGSI Helmholtzzentrum für Schwerionenforschung GmbH$$b5$$kGSI
000051918 9101_ $$0I:(DE-Ds200)20121206GSI$$6P:(DE-HGF)0$$aGSI Helmholtzzentrum für Schwerionenforschung GmbH$$b8$$kGSI
000051918 9131_ $$0G:(DE-HGF)POF2-531$$1G:(DE-HGF)POF2-530$$2G:(DE-HGF)POF2-500$$3G:(DE-HGF)POF2$$4G:(DE-HGF)POF$$aDE-HGF$$bStruktur der Materie$$lPhysik der Hadronen und Kerne$$vHadron Structure and Dynamics (HSD)$$x0
000051918 920__ $$lyes
000051918 9201_ $$0I:(DE-Ds200)BUD-20051214OR030$$kBUD$$lBibliothek & Dokumentation$$x0
000051918 9201_ $$0I:(DE-Ds200)HIM-20110223OR116$$kHIM$$lHI Mainz$$x1
000051918 9201_ $$0I:(DE-Ds200)ATP-20051214OR020$$kATP$$lAtomphysik$$x2
000051918 970__ $$aGSI-SR2012-PHN-HSD-EXP-05
000051918 9801_ $$aGSI Scientific Report 2012
000051918 9801_ $$aGSI Scientific Report
000051918 9801_ $$aGSI Report 2013-1
000051918 9801_ $$aGSI Report
000051918 9801_ $$aFullTexts
000051918 9801_ $$aGSIasPublisher
000051918 980__ $$acontb
000051918 980__ $$aVDB
000051918 980__ $$aGSI Scientific Report 2012
000051918 980__ $$aGSI Scientific Report
000051918 980__ $$aGSI Report
000051918 980__ $$aGSI Report 2013
000051918 980__ $$aGSIasPublisher
000051918 980__ $$aUNRESTRICTED
000051918 980__ $$aintrep
000051918 980__ $$aI:(DE-Ds200)20120319OR030
000051918 980__ $$aI:(DE-Ds200)BUD-20051214OR030
000051918 980__ $$aI:(DE-Ds200)20120319OR116
000051918 980__ $$aI:(DE-Ds200)HIM-20110223OR116
000051918 980__ $$aI:(DE-Ds200)20110830OR020
000051918 980__ $$aI:(DE-Ds200)ATP-20051214OR020
000051918 980__ $$aFullTexts